Normal view
MARC view
Entry Personal Name
001 - CONTROL NUMBER
- control field: 25896
003 - CONTROL NUMBER IDENTIFIER
- control field: ARRUPE
005 - DATE AND TIME OF LATEST TRANSACTION
- control field: 20160919092119.0
008 - FIXED-LENGTH DATA ELEMENTS
- fixed length control field: 160919|| aca||aabn | a|a d
040 ## - CATALOGING SOURCE
- Original cataloging agency: ARRUPE
- Transcribing agency: ARRUPE
100 ## - HEADING--PERSONAL NAME
- Personal name: Jensen, Adolf E.
- Fuller form of name: (Adolf Ellegard),
- Dates associated with a name: 1899-1965.
670 ## - SOURCE DATA FOUND
- Source citation: Work cat.: (ARRUPE)0: Jensen, Adolf E. (Adolf Ellegard), 1899-1965., Myth and cult among primitive peoples., [c1963]